000 01725nam a2200301 a 4500
999 _c436260
_d436260
003 BLK
005 20241213145201.0
008 181024b bu ||||| |||| 00| 0 bu d
020 _a9786197356991
040 _aBLK
041 _aBUL
_cBUL
080 _aМетодични основи на отделните теории и системи
_b37.022
_z37.022
100 _aМонтесори, Мария
_eпърви автор
_91299
139 _aМонтесори, Мария
_bМ 87
245 _aУсъвършенстваният Монтесори метод
_cМария Монтесори ; предг. Александър Хени, Марио Монтесори ; прев. от англ. Десислава Чешмеджиева-Стойчева
_bТ. 1 -
_nТ. 1
260 _aСофия
_bАсеневци
_c2020
_9213613
300 _a388 с.
_c20 см
_bс диагр.
380 _a3
500 _aОриг. загл., установено от доп. източник: The advanced Montessori method / Maria Montessori Възприетата форма на името на прев. Десислава Чешмеджиева-Стойчева e Десислава Стоянова Чешмеджиева
650 7 _9153033
_aДетска и педагогическа психология
653 7 _9190909
_aметод на М. Монтесори
653 7 _9193479
_aпедагогическа психология
653 7 _9183705
_aвъзпитание
700 _9344837
_aЧешмеджиева-Стойчева, Десислава
_eпрев. от англ.
852 _bП
_c37.02/М 87 М
942 _n0
_cKNG
_026
_s1
944 _aCR
_k30576
_lЦветомила Тодорова